[Event "FRA-ch U18"]
[Site "Aix les Bains"]
[Date "2009.04.20"]
[Round "2"]
[White "Wozniak, Julien"]
[Black "Villegas, Pierre"]
[Result "0-1"]
[WhiteElo "1906"]
[BlackElo "2195"]
[PlyCount "84"]
[EventDate "2009.04.19"]
[EventType "swiss"]
[EventRounds "9"]
[EventCountry "FRA"]
[SourceTitle "CBM 130 Extra"]
[Source "ChessBase"]
[SourceDate "2009.07.02"]
[SourceVersion "2"]
[SourceVersionDate "2009.07.15"]
[SourceQuality "1"]

1. d4 Nf6 2. Nf3 g6 3. c3 Bg7 4. h4 d5 5. Bf4 Nbd7 6. e3 c5 7. Nbd2 b6 8. Ne5 Nxe5 9. Bxe5 0-0 10. Bd3 Nd7 11. Bxg7 Kxg7 12. h5 e5 13. hxg6 hxg6 14. Qe2 cxd4 15. exd4 exd4 16. 0-0-0 Re8 17. Qg4 dxc3 18. Nf3 Ne5 19. Qd4 Qf6 20. Nxe5 Qxe5 21. Qh4 Be6 22. Rde1 Qf6 23. Qh6+ Kg8 24. b3 Qg7 25. Qg5 c2 26. Bxc2 Rac8 27. Kb1 Rxc2 28. Kxc2 Rc8+ 29. Kd1 d4 30. Qh6 Qxh6 31. Rxh6 Bg4+ 32. f3 Bh5 33. Rxh5 gxh5 34. Kd2 Kg7 35. Re4 Rd8 36. Kd3 Kg6 37. Rxd4 Rxd4+ 38. Kxd4 h4 39. Ke4 Kg5 40. Ke5 b5 41. Kd4 f5 42. Ke5 b4 0-1